KADROCULAR VE KADRO HAREKATI (Record no. 701643)

MARC details
000 -LEADER
sabit uzunluktaki kontrol alanı 00262nam a2200097Ia 4500
001 - KONTROL NUMARASI
kontrol alanı 701643
005 - EN SON İŞLEMİN TARİH VE ZAMANI
kontrol alanı 20250826162317.0
008 - SABİT-UZUNLUKTA VERİ ÖĞELERİ--GENEL BİLGİ
sabit uzunluktaki kontrol alanı 250824s9999 xx 000 0 und d
245 #0 - ESER / YAZAR
ESER ADI KADROCULAR VE KADRO HAREKATI
Yazar Adı TEMUÇİN FAİK ERTAN
260 ## - YAYIN, DAĞITIM, VB.
YAYIN EVİ KÜLTÜR BAKANLIĞI
Holdings
Düşüm durumu Kayıp durumu Hasar Durumu Ödünç verilmez Ana kütüphane Geçerli Kütüphane Edinilen tarih Toplam ödünç verme sayısı Barkod Son görüntüleme tarihi Fiyatın geçerli olmaya başladığı tarih Koha materyal türü
        MAHMUD CELALEDDİN ÖKTEN A. İ. H. L. MAHMUD CELALEDDİN ÖKTEN A. İ. H. L. 24.08.2025   10213081 26.08.2025 26.08.2025 Books